<?xml version="1.0" encoding="UTF-8"?>
<collection xmlns="http://www.loc.gov/MARC21/slim">
 <record>
  <leader>01401nam a2200217Ia 4500</leader>
  <controlfield tag="001">TDMU_40966</controlfield>
  <controlfield tag="008">210410s9999    xx            000 0 und d</controlfield>
  <datafield tag="082" ind1=" " ind2=" ">
   <subfield code="a">621.398</subfield>
  </datafield>
  <datafield tag="090" ind1=" " ind2=" ">
   <subfield code="b">V500</subfield>
  </datafield>
  <datafield tag="100" ind1=" " ind2=" ">
   <subfield code="a">Vũ, Anh Tuấn</subfield>
  </datafield>
  <datafield tag="245" ind1=" " ind2="0">
   <subfield code="a">Truyện thơ Tày, nguồn gốc, quá trình phát triển và thi pháp thể loại</subfield>
  </datafield>
  <datafield tag="245" ind1=" " ind2="0">
   <subfield code="c">Vũ Anh Tuấn</subfield>
  </datafield>
  <datafield tag="260" ind1=" " ind2=" ">
   <subfield code="a">H.</subfield>
  </datafield>
  <datafield tag="260" ind1=" " ind2=" ">
   <subfield code="b">Hội nhà văn</subfield>
  </datafield>
  <datafield tag="260" ind1=" " ind2=" ">
   <subfield code="c">2019</subfield>
  </datafield>
  <datafield tag="300" ind1=" " ind2=" ">
   <subfield code="a">679 tr.</subfield>
  </datafield>
  <datafield tag="520" ind1=" " ind2=" ">
   <subfield code="a">Lý giải nguồn gốc thể loại truyện thơ Tày: Cơ sở hiện thực xã hội, nguồn gốc nội sinh và nguồn gốc ngoại sinh. Các dấu hiệu lịch sử về đời sống kinh tế - xã hội Tày trải suốt thời kỳ trung đại. Mối quan hệ văn hoá Choang -Tày, sự xuất hiện chữ Nôm Tày, các nhóm lượn và các hình thức lượn; TM tài liệu tham khảo tr. 668 - 674</subfield>
  </datafield>
  <datafield tag="650" ind1=" " ind2=" ">
   <subfield code="a">Văn hóa dân gian</subfield>
   <subfield code="x">Truyện thơ</subfield>
   <subfield code="x">Dân tộc Tày</subfield>
   <subfield code="z">Việt Nam; Truyện thơ</subfield>
   <subfield code="x">Dân tộc Tày</subfield>
   <subfield code="z">Việt Nam; Dân tộc Tày</subfield>
   <subfield code="x">Văn học</subfield>
   <subfield code="x">Truyện thơ</subfield>
  </datafield>
  <datafield tag="700" ind1=" " ind2=" ">
   <subfield code="a">Hội Văn nghệ dân gian Việt Nam</subfield>
  </datafield>
  <datafield tag="856" ind1=" " ind2=" ">
   <subfield code="u">http://lrc.tdmu.edu.vn/opac/search/detail.asp?aID=2&amp;ID=40966</subfield>
  </datafield>
  <datafield tag="980" ind1=" " ind2=" ">
   <subfield code="a">Trung tâm Học liệu Trường Đại học Thủ Dầu Một</subfield>
  </datafield>
 </record>
</collection>
